00867nam a2200253 a 450000100060000000300080000600500170001400800410003103500190007204000300009104100130012108200250013410000210015924500900018026001070027030000210037749000270039850000400042550400570046550500180052260000210054070000250056183000270058627765BD-RjUL20251211121627.0140327r19491953enk b 001 0 eng d a(BD-RjUL)27765 aSLbengcSLdANLdBD-RjUL0 aengagre04a888.01bJUW V-3 19530 aJuliand331-363.14aThe works of the Emperor Julian /cwith an English translation by Wilmer Cave Wright. aLondon :bHeinemann ;aNew York : G. P. Putnams sonsbHarvard University Press,c1923 [Reprinted 1953] a447 p. ;c17 cm. 0aLoeb classical library aParallel text in Greek and English. aIncludes bibliography (v. 3, p. xiii-xiv) and index.01aVol.II--V.III aJuliand331-363.1 aWright, Wilmer Cave. 0aLoeb classical library